Osobitosti financovania športu na Slovensku sponzoring, šport vo verejnom sektore

Na minha lista:
Detalhes bibliográficos
Autor principal: Hort, Ondrej
Autor Corporativo: Národohospodárska fakulta EU. Katedra financií
Outros Autores: Beňová, Elena
Formato: Livro
Idioma:eslovaco
Publicado em: Bratislava 2009
Tags: Adicionar Tag
Sem tags, seja o primeiro a adicionar uma tag!

MARC

LEADER 00000nam$a2200000$$$4500
001 0096615
005 20240318141435.9
041 0 |a slo 
044 |a SK 
245 1 0 |a Osobitosti financovania športu na Slovensku  |b sponzoring, šport vo verejnom sektore  |c Ondrej Hort ; škol. Elena Beňová 
264 1 |a Bratislava  |c 2009 
300 |a 76 s. 
100 1 |a Hort, Ondrej 
700 1 |a Beňová, Elena 
710 2 |a Národohospodárska fakulta EU. Katedra financií